| 000 | 00817nam a22002297a 4500 | ||
|---|---|---|---|
| 999 |
_c20670 _d20670 |
||
| 003 | AR-CdUCM | ||
| 008 | 190405b ||||| |||| 00| 0 spa d | ||
| 040 |
_aMUNICIPALIDAD PROVINCIAL DEL CUSCO _cBIBLIOTECA MUNICIPAL DEL CUSCO |
||
| 082 |
_aEP / 373.428 / _bB73 |
||
| 100 |
_aBonilla Amado, Jose _96069 |
||
| 245 | _aAntología de cuentos infantiles peruanos / | ||
| 260 |
_aLima : _bNuevo mundo, _c1963. |
||
| 300 |
_a102 páginas ; _bIlustraciones _c23 cm. |
||
| 440 |
_aEscritores Latinoamericanos _91888 |
||
| 505 | _aContenido: Los ratones de Fray Martín -- La flor de tiempo -- El caballero carmelo -- El gallinazo, la zorra y el cuy... | ||
| 650 |
_aLiteratura _983 |
||
| 650 |
_acuento _94671 |
||
| 650 |
_aInfantil _96210 |
||
| 700 |
_aCisneros, Rolando _943216 |
||
| 942 |
_2ddc _cLIBROS |
||
| 945 | _arcc | ||